Gandhi Patel: (Record no. 27484)
[ view plain ]
| 000 -LEADER | |
|---|---|
| fixed length control field | 02143nam a22003137a 4500 |
| 005 - DATE AND TIME OF LATEST TRANSACTION | |
| control field | 2009061600210.0 |
| 008 - FIXED-LENGTH DATA ELEMENTS--GENERAL INFORMATION | |
| fixed length control field | 090512t xxu||||| |||| 00| 0 eng d |
| 010 ## - LCCN (DPL NO) | |
| LC control number | ENG-94031 |
| 020 ## - INTERNATIONAL STANDARD BOOK NUMBER | |
| International Standard Book Number | 9788123755571 |
| Terms of availability | 200.00 |
| 035 ## - SYSTEM CONTROL NUMBER | |
| System control number | EN-77564 |
| 035 ## - SYSTEM CONTROL NUMBER | |
| System control number | B-365520-524 |
| 037 ## - SOURCE OF ACQUISITION | |
| Source of stock number/acquisition | DBAD / PUB |
| 037 ## - SOURCE OF ACQUISITION | |
| Source of stock number/acquisition | North India Publishers & Distributors |
| 040 ## - CATALOGING SOURCE | |
| Original cataloging agency | dpl |
| Language of cataloging | English |
| 082 ## - DEWEY DECIMAL CLASSIFICATION NUMBER | |
| Classification number | 954.0841092 |
| 245 ## - TITLE STATEMENT | |
| Title | Gandhi Patel: |
| Statement of responsibility, etc | compiled by Neerja Singh |
| Remainder of title | letters and speeches differences within consensus / |
| 260 ## - PUBLICATION, DISTRIBUTION, ETC. (IMPRINT) | |
| Place of publication, distribution, etc | New Delhi |
| Name of publisher, distributor, etc | National Book Trust |
| Date of publication, distribution, etc | 2009 |
| 270 ## - ADDRESS | |
| Address | Nehru Bhawan,5 Institutional Area,Phase-II, Vasant Kunj, |
| City | New Delhi |
| Postal code | 110070 |
| 300 ## - PHYSICAL DESCRIPTION | |
| Extent | xix, 203p. |
| Dimensions | 22cm(Hb) |
| 700 ## - ADDED ENTRY--PERSONAL NAME | |
| Personal name | Singh, Neerja |
| 942 ## - ADDED ENTRY ELEMENTS (KOHA) | |
| Source of classification or shelving scheme | Dewey Decimal Classification |
| Item type | English Books |
| Call number suffix | GAN |
| Classification part | 954.0841092 |
| Withdrawn status | Lost status | Source of classification or shelving scheme | Damaged status | Not for loan | Collection code | Home library | Current library | Date acquired | Source of acquisition | Cost, normal purchase price | Total Checkouts | Full call number | Barcode | Date last seen | Copy number | Cost, replacement price | Koha item type | Total Renewals |
|---|---|---|---|---|---|---|---|---|---|---|---|---|---|---|---|---|---|---|
| Dewey Decimal Classification | Non-fiction | Central Library | Central Library | 16/04/2010 | North India Publishers/NIP 175/09/8.12.09/126(A) 16.10.09/23.12.09 | 60.00 | 2 | 954.0841092 GAN | B-365520 | 04/03/2022 | 1 | 60.00 | English Books | 1 | ||||
| Dewey Decimal Classification | Not For Loan | Non-fiction | D.B.Act.Division | D.B.Act.Division | 16/06/2009 | DBAD / PUB | 200.00 | 954.0841092 GAN | EN-77564 | 16/06/2009 | 1 | 200.00 | English Books | |||||
| Dewey Decimal Classification | Non-fiction | Karol Bagh | Karol Bagh | 16/04/2010 | North India Publishers/NIP 175/09/8.12.09/126(A) 16.10.09/23.12.09 | 60.00 | 954.0841092 GAN | B-365523 | 16/04/2010 | 1 | 60.00 | English Books | ||||||
| Dewey Decimal Classification | Non-fiction | Patel Nagar | Patel Nagar | 16/04/2010 | North India Publishers/NIP 175/09/8.12.09/126(A) 16.10.09/23.12.09 | 60.00 | 954.0841092 GAN | B-365521 | 16/04/2010 | 1 | 60.00 | English Books | ||||||
| Dewey Decimal Classification | Non-fiction | Shahdara Branch | Shahdara Branch | 16/04/2010 | North India Publishers/NIP 175/09/8.12.09/126(A) 16.10.09/23.12.09 | 60.00 | 954.0841092 GAN | B-365524 | 16/04/2010 | 1 | 60.00 | English Books | ||||||
| Dewey Decimal Classification | Non-fiction | Vinoba Puri | Vinoba Puri | 16/04/2010 | North India Publishers/NIP 175/09/8.12.09/126(A) 16.10.09/23.12.09 | 60.00 | 954.0841092 GAN | B-365522 | 16/04/2010 | 1 | 60.00 | English Books |
